000 00487nam a2200169Ia 4500
003 LK-CoDNM
008 010623t xxu||||| |||| 00| 1 sin d
040 _aLK-CoDNM
_dLK-CoDNM
_eLK-CoDNM
041 _asin
080 _a22/28 VER
100 _aPerera,Petmo.
_etr.
245 _aක්‍රිස්තුස් උදෙසා විඳි වධ වේදනා
246 _aChristhus Udesa Vindi Vada Vedana
300 _b97p., 18 cm
700 _aVermbrand,Richard.
942 _cBK
999 _c137986
_d137986